| 000 | 02431nam0a2200325 i 4500 | ||
|---|---|---|---|
| 001 | RU\NLR\BIBL_A\012066525 | ||
| 005 | 20240921140422.0 | ||
| 010 |
_a9785998409370 _950 |
||
| 021 |
_aRU _b2019-48069 _9КН-П-3497 |
||
| 035 | _a(RuMoRGB)010025880 | ||
| 035 | _a(NLR Aleph) 012066525 | ||
| 090 |
_a11732715 _c11732715 |
||
| 100 | _a20190729d2019 u y0rusy50 ca | ||
| 101 | 0 | _arus | |
| 102 | _aRU | ||
| 105 | _a |||j|||000zy | ||
| 200 | 1 |
_aМоделирование динамики механизмов и управляемого движения исполнительных устройств манипуляционных роботов _eучебное пособие _fВ.П. Умнов, Ю.Е. Мишулин _gМинистерство науки и высшего образования Российской Федерации, Федеральное государственное бюджетное образовательное учреждение высшего образования "Владимирский государственный университет имени Александра Григорьевича и Николая Григорьевича Столетовых" |
|
| 210 |
_aВладимир _cИзд-во ВлГУ _d2019 |
||
| 215 |
_a151 с. _cил., табл. _d21 |
||
| 320 | _aБиблиогр.: с. 139-140 (20 назв.) | ||
| 606 | 1 |
_aМанипуляторы _jУчебные издания для высших учебных заведений _xДвижение _xМатематическое моделирование _92338523 _3RU\NLR\AUTH\661397981 |
|
| 606 | 1 |
_aМанипуляторы _jУчебные издания для высших учебных заведений _xДинамика _92592875 _3RU\NLR\AUTH\661532184 |
|
| 606 | 1 |
_aМанипуляторы _jУчебные издания для высших учебных заведений _xИсполнительные устройства _91552543 _3RU\NLR\AUTH\66678168 |
|
| 686 | 1 | _aЗ816.2с116я73-1 | |
| 700 | 1 |
_7ca _8rus _aУмнов _bВ. П. _cканд. техн. наук, робототехника _gВладимир Павлович _9158160 _3RU\NLR\AUTH\770158201 |
|
| 701 | 1 |
_aМишулин _bЮ. Е. _cканд. техн. наук _gЮрий Евгеньевич _9148850 _3RU\NLR\AUTH\770148886 |
|
| 942 | _cBOOK | ||
| 980 | _aNBR | ||